טוען...
Modern Indian Literature
| מחבר ראשי: | |
|---|---|
| פורמט: | Printed Book |
| יצא לאור: |
Thrissur;
Kerala Sahitya Akademy;
|
| נושאים: |
| LEADER | 00453nam a22001337a 4500 | ||
|---|---|---|---|
| 082 | |a 010 |b GOV/M | ||
| 100 | |a K.M.Govi |9 312595 | ||
| 245 | |a Modern Indian Literature | ||
| 260 | |a Thrissur; |b Kerala Sahitya Akademy; | ||
| 300 | |a 104p. | ||
| 650 | |a English;Bibilography |9 312596 | ||
| 942 | |c BK | ||
| 999 | |c 68744 |d 68744 | ||
| 952 | |0 0 |1 0 |4 0 |6 010_000000000000000_GOV_M |7 0 |8 Bibilio |9 81638 |a MAL |b MAL |d 2016-11-18 |e C264 |g 20.00 |l 0 |o 010 GOV/M |p MALC000264 |r 2016-11-18 |w 2016-11-18 |y BK | ||